000 00817nas a2200241 4500
001 BR0202299
003 BR-BrBNA
005 20231205102930.0
007 ta
008 230509b bl.|||p| |||| 00| 00por d
040 _aBR-BrBNA
_bpor
_cBiblioteca Nacional de Agricultura
041 _a(Pt)
072 _aF60; F62
100 1 _aNeves, L.A.S.
245 1 _aEfeito fisiológico, na geração M1, causado por Ácido CiclopentilidenoBis (Tioglicólico)no feijão (Phaseolus vulgaris L.), cv Cavalo Branco
650 _aFEIJÃO
650 _aFISIOLOGIA VEGETAL
650 _aGERMINAÇÃO
650 _aMUTAÇÃO INDUZIDA
773 0 _tRevista Brasileira de Agrociência (Brazil)
_xISSN 0104-8996
_g(May-Aug 2000), v. 6(2) p. 95-96
_wBR0202299
909 _a202311
_bLúcia
_c55
_dLúcia Elande
942 _2AGRIS
_n0
_cANA
999 _c170137
_d170137